Mr Jackson's justice (Record no. 76397)

MARC details
000 -LEADER
fixed length control field 01315cab a2200229 4500
001 - CONTROL NUMBER
control field ##L132319
008 - FIXED-LENGTH DATA ELEMENTS--GENERAL INFORMATION
fixed length control field 060126n2006 000 0 eng u
035 ## - SYSTEM CONTROL NUMBER
System control number (Sirsi) u132319
041 0# - LANGUAGE CODE
Language code of text/sound track or separate title eng
100 1# - MAIN ENTRY--PERSONAL NAME
Personal name Yule, Ian
245 00 - TITLE STATEMENT
Title Mr Jackson's justice
260 ## - PUBLICATION, DISTRIBUTION, ETC.
Date of publication, distribution, etc. 2006
490 #0 - SERIES STATEMENT
Series statement Building
Volume/sequential designation 270(8414) 20 January 2006, 60(1)
520 ## - SUMMARY, ETC.
Summary, etc. Looks at the implications of the decision in Midland Expressway Ltd v Carillion Construction Ltd and others ([2005] EWHC 2963 (TCC), L132321), where it was decided that the rights of a building contractor in a PFI contract to go to adjudication and to be paid, are statutory rights that cannot be made conditional upon similar rights that the project company has under the project agreement. "Pay when paid" clauses, or those postponing adjudication, which it was argued are a commercial necessity, were effectively declared unlawful and in breach of the fundamental rights of contractors.
590 ## - LOCAL NOTE (RLIN)
Local note IKA310106
650 24 - SUBJECT ADDED ENTRY--TOPICAL TERM
Topical term or geographic name entry element MIDLAND EXPRESSWAY LTD V CARILLION CONSTRUCTION LTD AND OTHERS
650 24 - SUBJECT ADDED ENTRY--TOPICAL TERM
Topical term or geographic name entry element PRIVATE FINANCE INITIATIVE
650 24 - SUBJECT ADDED ENTRY--TOPICAL TERM
Topical term or geographic name entry element HOUSING GRANTS, CONSTRUCTION AND REGENERATION ACT 1996
690 ## - LOCAL SUBJECT ADDED ENTRY--TOPICAL TERM (OCLC, RLIN)
Topical term or geographic name as entry element MANAGEMENT-DISPUTE AVOIDANCE, MANAGEMENT AND RESOLUTION-DISPUTE MANAGEMENT AND RESOLUTION-ADVOCACY
700 1# - ADDED ENTRY--PERSONAL NAME
Personal name Pigott, Ashley
942 ## - ADDED ENTRY ELEMENTS (KOHA)
Suppress in OPAC 0
Holdings
Withdrawn status Lost status Source of classification or shelving scheme Damaged status Not for loan Home library Current library Shelving location Date acquired Total Checkouts Full call number Barcode Date last seen Copy number Price effective from Koha item type
    Dewey Decimal Classification     London London Journal article 26/01/2006   L132319 132319-1001 06/08/2019 1 06/08/2019 Journal article